PRACTICAL ORTHOPAEDIC SPORATS MEDICINE & ARTHROSCOPY / (Record no. 797222)

MARC details
000 -LEADER
fixed length control field 00519pam a2200181 a 4500
020 ## - INTERNATIONAL STANDARD BOOK NUMBER
International Standard Book Number 9780781758123
Terms of availability 11706.80
041 ## - LANGUAGE CODE
Language code of text/sound track or separate title eng
Language code of original NULL
082 ## - DEWEY DECIMAL CLASSIFICATION NUMBER
Classification number 617.1027
Item number JOH/PED
100 ## - MAIN ENTRY--PERSONAL NAME
Personal name JOHNSON, D .
245 ## - TITLE STATEMENT
Title PRACTICAL ORTHOPAEDIC SPORATS MEDICINE & ARTHROSCOPY /
Statement of responsibility, etc. NULL.
Medium Textual Documents
260 ## - PUBLICATION, DISTRIBUTION, ETC.
Place of publication, distribution, etc. NULL :
Name of publisher, distributor, etc. LIPPINCOTT WILLIAMS & WILKINS ,
Date of publication, distribution, etc. 2007.
300 ## - PHYSICAL DESCRIPTION
Extent 1066 :
Other physical details XIX ;
Dimensions A4 .
365 ## - TRADE PRICE
Price type code 11706.80
650 ## - SUBJECT ADDED ENTRY--TOPICAL TERM
Topical term or geographic name entry element ORTHO
700 ## - ADDED ENTRY--PERSONAL NAME
Personal name PEDOWITZ, R .
930 ## - EQUIVALENCE OR CROSS-REFERENCE-UNIFORM TITLE HEADING [LOCAL, CANADA]
Uniform title 2687
Holdings
Withdrawn status Lost status Damaged status Not for loan Home library Current library Date acquired Cost, normal purchase price Total Checkouts Full call number Barcode Date last seen Copy number Price effective from Koha item type
        Medical College & Hospital, Sangli Medical College & Hospital, Sangli 28/11/2011 11706.80   617.1027 JOH/PED MCS-6303 26/07/2023 1 26/07/2023 Book